| 000 | 01349cas a2200253 a 4500 | ||
|---|---|---|---|
| 005 | 20251021162357.0 | ||
| 006 | s|||||o|||| 00| 0 | ||
| 008 | 991125c2002 dr fr p|o 000 0 spa d | ||
| 022 | _a2636-2163 | ||
| 035 | _aUPN01000197298 | ||
| 040 |
_aMX-MxUPN _bspa _cMX-MxUPN _eaacr2 |
||
| 049 | _aREV-E | ||
| 245 | 1 | 0 |
_aEducación superior _h[recurso electrónico en línea] |
| 260 |
_aRepública Dominicana : _bUniversidad Abierta para Adultos, _c2002- |
||
| 310 | _aSemestral | ||
| 506 | 0 | _aAcceso abierto | |
| 510 | 1 | _aLatindex | |
| 520 | 1 | _aEs una publicación cuyo objetivo es propiciar la publicación y difusión de los resultados de investigaciones científicas realizadas; y procurar su aplicación en los campos de la educación en modalidad general y la educación superior, a fines de comprender situaciones y resolver necesidades dentro del contexto educativo. La revista científica Educación Superior aspira a llegar a profesionales y académicos vinculados al sector educativo con grados de influencia en la aplicación didáctica de sus investigaciones, tanto en la modalidad general, como en las modalidades superior y técnica. | |
| 650 | 4 |
_aEducación superior _932 |
|
| 856 | 4 | 0 | _uhttps://dialnet.unirioja.es/servlet/revista?codigo=26444 |
| 902 | _aGloria Jiménez/211025 | ||
| 905 | _aRevista | ||
| 942 | _cREV-E | ||
| 999 |
_c169399 _d169399 |
||